| 000 | 00718 a2200253 4500 | ||
|---|---|---|---|
| 001 | 200421224 | ||
| 003 | TR-AnTOB | ||
| 005 | 20241009171818.0 | ||
| 008 | 150203b tu 000 0 | ||
| 020 | _a9789738969087 | ||
| 040 |
_aTR-AnTOB _btur _erda _cTR-AnTOB |
||
| 041 | 0 | _atur | |
| 050 | 0 | 0 |
_aGT3930 _bT87 2009 |
| 090 | _aGT3930 T87 2009 | ||
| 245 | 1 | 0 |
_aTürk boylarında bahar bayramları : _bnevruz ve hıdrellez / _chazırlayan: Gülten Abdula Nazare. |
| 264 |
_aGalati : _bistru, _c2009. |
||
| 300 |
_a156 p. ; _c20 cm. |
||
| 336 |
_atext _2rdacontent |
||
| 337 |
_aunmediated _2rdamedia |
||
| 338 |
_avolume _2rdacarrier |
||
| 650 | 0 | 0 |
_aOruç ve bayramlar _zTürkiye _990106 |
| 942 |
_cBK _2lcc |
||
| 999 |
_c200421224 _d573 |
||